000
00292nam a2200109Ia 4500
001
1276026
005
20260417160439.0
008
260417s9999 xx 000 0 und d
020
_a
9786256698499
245
0
_a
Sanat Ülkesi - Bedri Rahmi Eyüboğlu
_c
Erkan Doğanay
260
_b
Ketebe Çocuk
999
_c
1276026
_d
1276026